=LDR 00000nam 2200000 4500 =001 INLIS000000000024098 =990 ##$$a 67.068/Pro-94-95 =005 20130612122714 =990 ##$$a 00044303 =008 ***********************************Ind** =990 ##$$a 00044304 =035 ##$$0010-061300000024098 =041 ##$$a Ind =082 ##$$a 351.724 =090 ##$$a 351.724, Sum s =100 ##$$a Sumitro, Rakhmat =245 ##$$a Masalah peradilan administrasi dalam hukum pajak di indonesia, Rachmat Suitro SH =260 ##$$a 1976 $b Bandung =300 ##$$a 249 hlm, 21 cm =650 ##$$a Administrasi Pajak =850 ##$$a NBPNMAT